Islands by country - click quiz - Statistics

General Stats
  • This quiz has been taken 34 times
  • The average score is 15 of 20
Answer Stats
Hint Answer % Correct
Tasmania Australia
97%
Vancouver Canada
97%
Sumatra Indonesia
93%
Sicily Italy
93%
Shikoku Japan
93%
Guernsey United Kingdom
93%
Corsica France
87%
Hainan China
77%
Mindanao Philipines
77%
Viti Levu Fiji
73%
Ceylon Sri Lanka
73%
Jeju South Korea
67%
Bornholm Denmark
63%
Rügen Germany
63%
Spitsbergen Norway
63%
Wolin Poland
60%
Öland Sweden
60%
Socotra Yemen
60%
Gozo Malta
53%
Cocos Island Costa Rica
30%
No matching quizzes found
Score Distribution
Percent of People with Each Score
Percentile by Number Answered
Your Score History
You have not taken this quiz